Historia documental del acuerdo de Cartagena

שמור ב:
מידע ביבליוגרפי
מחבר תאגידי: Junta del acuerdo de Cartagena. Instituto para la integración de América Latina
פורמט: Texto
יצא לאור: Buenos Aires: Instituto para la Integración de América Latina
תגים: הוספת תג
אין תגיות, היה/י הראשונ/ה לתייג את הרשומה!

MARC

LEADER 00000 a a2200000 04500
001 24493
003
040
090 |a 167700  
110 |a Junta del acuerdo de Cartagena. Instituto para la integración de América Latina.  
245 |a Historia documental del acuerdo de Cartagena  
260 |a Buenos Aires:   |b Instituto para la Integración de América Latina  
300 |a 608 p.  
999 |c 6125  |d 6125